| 000 | 00457nam a2200169Ia 4500 | ||
|---|---|---|---|
| 003 | GCL | ||
| 008 | 140319s9999 xx 000 0 eng d | ||
| 040 |
_aGCL / _cGCL |
||
| 082 | 0 | 4 |
_a843 _bS M |
| 100 | 1 | _aSIMON, SAINT | |
| 245 | 1 | 0 |
_aMEMOIRES II SUIVI DE LETTRE ANONYME AU R O I ET OEUVERS DIVERRES / _cSIMON, SAINT |
| 260 |
_a[S.N] : _bFOLIO |
||
| 490 |
_aCOLLECTION FOLIO _v0 |
||
| 650 | 0 | 4 | _aLITERATURE |
| 650 | 0 | 4 | _aFRENCH LITERATURE |
| 942 |
_2ddc _cBK |
||
| 999 |
_c23234 _d23234 |
||